| 000 | 00736nam a2200265Ia 4500 | ||
|---|---|---|---|
| 003 | OSt | ||
| 005 | 20220923211625.0 | ||
| 006 | a|||||r|||| 00| 0 | ||
| 007 | ta | ||
| 008 | 220922b |||||||| |||| 00| 0 hin d | ||
| 024 | _a17,283 | ||
| 037 | _cTextual | ||
| 040 |
_aARTS _cARTS _bhin |
||
| 041 |
_2hin _ahin |
||
| 082 | _aQ25:23, 152K7;M9 | ||
| 100 |
_aसनातनदेव, अनु. _9156358 |
||
| 245 | 0 | _aत्रिपुरारहस्यम | |
| 246 | _aTripurārahasyama | ||
| 250 | _a2nd | ||
| 260 | _c1989 | ||
| 300 |
_a12,390p. _ccm. |
||
| 490 | _aKashi sanskrit series( 176 | ||
| 942 |
_hQ25:23, 152K7;M9 _cTEXL _2CC |
||
| 999 |
_c301612 _d301612 |
||